LEADER 01381nam 2200373Ia 450 001 996385706403316 005 20200824132134.0 035 $a(CKB)4940000000076293 035 $a(EEBO)2240961173 035 $a(OCoLC)ocm12289978e 035 $a(OCoLC)12289978 035 $a(EXLCZ)994940000000076293 100 $a19850722d1683 uy | 101 0 $alat 135 $aurbn||||a|bb| 200 14$aThe clerks assistant$b[electronic resource] $ebeing a collection of true and perfect forms of declarations, pleas, replications, rejoinders, issues, verdicts, judgments, and other proceedings in personal and mixt actions : not heretofore published : very useful to all entring [sic] clerks, attorneys, and sollicitors 210 $aLondon $cPrinted by S.R. for John Kidgell ...$d1683 215 $a[8], 480, [16], [18] p 300 $aMarginal notes. 300 $aPreface signed: G.F. 300 $aImperfect: [18] p. at end lacking in filmed copy. 300 $aReproduction of original in the University of Illinois (Urbana-Champaign Campus). Library. 330 $aeebo-0167 606 $aClerks of court$zEngland 615 0$aClerks of court 700 $aG. F$01002031 801 0$bEAA 801 1$bEAA 801 2$bm/c 801 2$bWaOLN 906 $aBOOK 912 $a996385706403316 996 $aThe clerks assistant$92330805 997 $aUNISA